00266pab a2200097 454500008003600000100002000036245007100056650001100127650001100138773001900149180718b xxu||||| |||| 00| 0 eng d aLowenstein, L.E aPolice and justice: are they compatible? and what about the victim a Crime aPolice aPolice Journal